| 000 | 00479nam a22001817a 4500 | ||
|---|---|---|---|
| 003 | MPLRDC | ||
| 005 | 20220104124255.0 | ||
| 008 | 210129b ||||| |||| 00| 0 eng d | ||
| 020 | _a7-5059-0412-4 | ||
| 082 | _a784.18 EDW | ||
| 100 | _a麦克. 布洛克 编著 | ||
| 245 |
_a送上我全部的爱 _c万嘉瑜、袁鹤年 译 |
||
| 250 | _a一版一刷 | ||
| 260 |
_a _b中国文联出版公司 _c1988 |
||
| 300 | _b平 | ||
| 650 | _a英国传记 | ||
| 942 |
_cBK _o784.18 EDW |
||
| 999 |
_c18017 _d18007 |
||